000
00326nam a22001457a 4500
003
OSt
005
20160727222405.0
008
160623b xxu||||| |||| 00| 0 eng d
040
_c
TEST
100
_9
833
_a
Yolen, J
245
_a
Sleeping Ugly
260
_a
N.Y
_b
Geoghegan INC
_c
1981
300
_a
Sleeping Ugly
942
_2
ddc
_c
BK
999
_c
661
_d
661